000 00845nam a22002177a 4500
999 _c1883
_d1883
003 AR-CdUCM
008 190228b ||||| |||| 00| 0 spa d
040 _aMUNICIPALIDAD PROVINCIAL DEL CUSCO
_cBIBLIOTECA MUNICIPAL DEL CUSCO
082 _a129.33 /
_bS31
100 _aScheler, Max
_96895
245 _aSociología del saber /
260 _aMadrid :
_bImprenta de Galo Saez;
_c1935.
300 _a217 paginas ;
_c22 cm.
505 _aEsencia y concepto de la sociología cultural --La sociología del saber -- Sociología de la metafísica --Sociología de la región y del dogma -- La restauración de la metafísica ...
650 _aSociológica general
_96896
650 _aLa antropología
_96897
650 _aLa física
_96898
700 _aGaos, Jose (traductor del alemán)
_96899
942 _2ddc
_cLIBROS
945 _arum
_d2019-02-28